000 01169nam a2200289 a 4500
001 ebr10417219
003 CaPaEBR
006 m u
007 cr cn|||||||||
008 101216s2009 ii a s 000 0 eng d
020 _z9788173176234
040 _aCaPaEBR
_cCaPaEBR
035 _a(OCoLC)826515898
050 1 4 _aTR267.5.A36
_bS56 2009eb
100 1 _aSingh, Vishnu Priya.
245 1 0 _aAdobe Photoshop CS4
_h[electronic resource] :
_ba professional image editor's guide to the creative use of Photoshop CS4 /
_cby Vishnu Priya Singh.
250 _a1st ed.
260 _aNew Delhi :
_bComputech Publications,
_c2009.
300 _a336 p. :
_bill.
533 _aElectronic reproduction.
_bPalo Alto, Calif. :
_cebrary,
_d2011.
_nAvailable via World Wide Web.
_nAccess may be limited to ebrary affiliated libraries.
630 0 0 _aAdobe Photoshop.
650 0 _aPhotography
_xDigital techniques.
650 0 _aComputer graphics
_xComputer programs.
655 7 _aElectronic books.
_2local
710 2 _aebrary, Inc.
856 4 0 _uhttp://site.ebrary.com/lib/rucke/Doc?id=10417219
_zAn electronic book accessible through the World Wide Web; click to view
999 _c187618
_d187618